Score 0/24 Timer 03:00
0 Plays Today
Show Word % Correct
Leave It to ____Beaver
97.1%
I ____ LucyLove
93.5%
____ Knows BestFather
92.8%
The ____ Sullivan ShowEd
91.4%
Alfred Hitchcock ____Presents
89.2%
The Bob Cummings ____Show
87.1%
The Perry ____ ShowComo
85.6%
Perry ____Mason
84.9%
Hallmark ____ of FameHall
84.9%
The ____ Benny ShowJack
80.6%
The Loretta ____ ShowYoung
76.3%
The ____ Silvers ShowPhil
75.5%
Show Word % Correct
Wagon ____Train
74.1%
The Steve ____ ShowAllen
69.1%
The ____ Thomas ShowDanny
61.9%
The ____ Shore Chevy ShowDinah
59.7%
Tonight ____ Jack PaarStarring
48.9%
Studio ____One
40.3%
December ____Bride
38.8%
Caesar's ____Hour
36.7%
Frontiers of ____Faith
25.9%
Mr. Adams and ____Eve
24.5%
Schlitz ____ of StarsPlayhouse
20.1%
The ____ Lively ArtsSeven
16.5%
Remove Ads.
Support Sporcle.
Get the best of Sporcle when you Go Orange. This ad-free experience offers more features, more stats, and more fun while also helping to support Sporcle. Thank you for becoming a member.

You're not logged in!

Compare scores with friends on all Sporcle quizzes.
OR
Log In

Show Comments

Extras

Top Quizzes Today


Score Distribution

Your Account Isn't Verified!

In order to create a playlist on Sporcle, you need to verify the email address you used during registration. Go to your Sporcle Settings to finish the process.

Report this User

Report this user for behavior that violates our Community Guidelines.

Details: